| 000 | 00799cab a2200229 4500 | ||
|---|---|---|---|
| 001 | ABS68132 | ||
| 008 | 040820n2004 000 0 eng u | ||
| 035 | _a(Sirsi) u127118 | ||
| 100 | _aJohnson, I. | ||
| 245 | _aPutting time on the map | ||
| 260 | _c2004 | ||
| 490 |
_aGeo Informatics _v7(5) July/August 2004, 26-29(4) |
||
| 520 | _aConsiders how historical maps and spatially located historical information can assist in town planning and the preservation and use of historical cities and landscapes. Looks specifically at the use of TimeMap for map animation and web delivery. | ||
| 590 | _aABS | ||
| 650 | _aMAPS | ||
| 650 | _aHISTORICAL BUILDINGS | ||
| 650 | _aGIS | ||
| 650 | _aTOWN PLANNING | ||
| 650 | _aSPATIAL INFORMATION SYSTEMS | ||
| 690 |
_aGeomatics _96242 |
||
| 942 | _n0 | ||
| 999 |
_c74506 _d74506 |
||